Cẩm nang giám đốc tài chính = The new CFO financial leadership manual
Sách giúp cho người đọc có một cái nhìn toàn diện về vị trí của bản thân trong tổ chức đồng thời cung cấp các cách thức giải quyết vấn đề mang tính chiến lược liên quan đến công nghệ thông tin, thuế và tài chính....
Guardat en:
| Autor principal: | |
|---|---|
| Format: | Llibre |
| Idioma: | Undetermined |
| Publicat: |
Thành phố Hồ Chí Minh
Tổng hợp Thành phố Hồ Chí Minh
2009
|
| Matèries: | |
| Etiquetes: |
Afegir etiqueta
Sense etiquetes, Sigues el primer a etiquetar aquest registre!
|
| Thư viện lưu trữ: | Trung tâm Học liệu Trường Đại học Cần Thơ |
|---|
| LEADER | 01069nam a2200229Ia 4500 | ||
|---|---|---|---|
| 001 | CTU_155126 | ||
| 008 | 210402s9999 xx 000 0 und d | ||
| 020 | |c 190000 | ||
| 082 | |a 658.15 | ||
| 082 | |b B813 | ||
| 100 | |a Bragg, Steven M. | ||
| 245 | 0 | |a Cẩm nang giám đốc tài chính = | |
| 245 | 4 | |b The new CFO financial leadership manual | |
| 245 | 0 | |c Steven M. Bragg ; Huỳnh Minh Em dịch | |
| 260 | |a Thành phố Hồ Chí Minh | ||
| 260 | |b Tổng hợp Thành phố Hồ Chí Minh | ||
| 260 | |c 2009 | ||
| 520 | |a Sách giúp cho người đọc có một cái nhìn toàn diện về vị trí của bản thân trong tổ chức đồng thời cung cấp các cách thức giải quyết vấn đề mang tính chiến lược liên quan đến công nghệ thông tin, thuế và tài chính. | ||
| 650 | |a Chief financial officers,Corporations | ||
| 650 | |x Finance,Management | ||
| 904 | |i Bạch Trúc | ||
| 980 | |a Trung tâm Học liệu Trường Đại học Cần Thơ | ||